007020000a22002050004500003001100000005001700011008004100028020001500069040003900084041000800123082001300131110008000144245006700224260002800291300002300319650004700342650004600389700003200435700002900467LK-CoMWRAF20231027124809.0230817t1989 ||||| |||| 00| 0 eng d a0883446236 aLK-CoMWRAFdLK-CoMWRAFeLK-CoMWRAF aeng a230bWOM aWomen's Commission of the Ecumenical Association of Third World Theologians aWith Passion and Compassion:bThird World Women doing Theology aNew York:bOrbis,c1989 axv, 192 p. ; 24 cm aWOMEN IN CHRISTIANITY-Developing countries aTheology, Doctrinal -Developing countries aFabella, Virginia M.M.eed. aOduyoye, Mercy Ambaeed.